Expressões e Ditados Populares Brasileiros - Statistics

Estatísticas Gerais
  • Esse quiz foi jogado 58 vezes
  • A pontuação média é 30 de 40
Estatísticas das Respostas
Significado Ditados e expressões % Correto
Mentiras não duram por muito tempo. A {mentira} tem perna curta
98%
Cada pessoa exerce sua função e cuida da sua vida. Cada um no seu {quadrado}
98%
Pessoas diferentes podem se dar bem. Os {opostos} se atraem
98%
Se esforçar traz vantagens. Deus ajuda quem cedo {madruga}
96%
Evitar extremos, estar sempre equilibrado. Nem oito, nem {oitenta}
96%
Coisas ruins podem ter resultados bons. Deus escreve certo por {linhas} {tortas}
94%
Exagerar um problema pequeno. Fazer {tempestade} em copo d'água
94%
Quem faz mal aos outros acaba sofrendo também. Quem com {ferro} fere, com {ferro} será ferido
94%
Quem não fez nada de errado não precisa ficar com medo. Quem não {deve} não teme
94%
Não adianta lamentar algo do passado. Chorar pelo {leite} {derramado}
92%
Não dá pra negar a realidade. Contra fatos não há {argumentos}
92%
Estar indeciso. Ficar em cima do {muro}
92%
Quem quer demais acaba sem nada. Quem tudo quer, {nada} tem
92%
Ficar preso ao passado não ajuda seguir em frente. Quem vive de passado é {museu}
92%
Suas ações trazem consequências. Quem planta, {colhe}
90%
O problema dos outros parece menor. {Pimenta} no olho dos outros é refresco
88%
Ter tudo para conseguir o que quer. Ter a faca e o {queijo} na mão
88%
Fazer algo que te deixe feliz espanta a tristeza. Quem {canta}, seus males espanta
86%
A situação está tão ruim que só pode melhorar. {Pior} do que tá, não fica
84%
Certos hábitos são difíceis de mudar. {Pau} que nasce torto, nunca se indireita
82%
Problemas pessoais devem ser resolvidos em privado. {Roupa} {suja} se lava em casa
80%
Há oportunidades para todos. O Sol nasce para {todos}
78%
Melhor fazer atrasado do que não fazer. {Antes} {tarde} do que nunca
73%
Quem não tem ocupações, pensa ou faz besteira. {Mente} {vazia}, oficina do Diabo
73%
Quem fica em silência parece concordar. Quem cala, {consente}
73%
Quem faz tudo correndo acaba cometendo mais erros. Quem tem {pressa} come cru
73%
As vezes, o que dominamos não nos aplicamos. Casa de {ferreiro}, espeto de pau
71%
Nem tudo que parece valioso, realmente é. Nem tudo que {reluz} é ouro
71%
Se algo parece bom demais, desconfie. Quando a {esmola} é demais, o santo desconfia
71%
Uma pessoa só dificilmente consegue tudo. Uma {andorinha} só não faz verão
71%
Tentar esconder algo óbvio. Tapar o Sol com a {peneira}
67%
Quem promete tem que cumprir. {Promessa} é dívida
61%
Não tire conclusões pelas aparências. Não julgue o {livro} {pela} {capa}
59%
Alguns conseguem. Quem não consegue, dá um jeito. Quem {pode}, {pode}. Quem não {pode}, se sacode
59%
Quanto mais treinamos, melhor ficamos. {Prática} leva a perfeição
55%
Com o tempo, a dor passa. O {tempo} cura tudo
49%
Quem vacila perde oportunidades. {Camarão} que dorme a onda leva
41%
Falar demais aumenta as chances de errar. Quem muito {fala}, pouco acerta
14%
Dar atenção para quem faz besteira só piora. Dar {corda} pra maluco
12%
Quem entende mostra naturalmente. Quem {sabe}, {sabe}
6%
Nenhum quiz correspondente encontrado
Distribuição das Pontuações
Porcentagem de Pessoas com Cada Pontuação
Percentil de Números Respondidos
Sua Pontuação Histórica
Você não jogou esse quiz